000
00322nam a2200133Ia 4500
008
191201s2005 xx 000 0 und d
082
_a
530.12
_b
POQ
100
_a
POWELL, John
245
0
_a
Quantum Mechanics
260
_a
N.Delhi
_b
Narosa Publication House
_c
2005
300
_a
508
650
_a
B.Tech(ME)
942
_2
ddc
_c
BK
999
_c
951
_d
951